[Event "Mitropa Cup"]
[Site "?"]
[Date "1995.??.??"]
[Round "4"]
[White "Polak, Tomas"]
[Black "Godena, Michele"]
[Result "1-0"]
[WhiteElo "2420"]
[BlackElo "2430"]

1.d4 d5 2.c4 e6 3.Nc3 c6 4.Nf3 Nf6 5.e3 a6 6.Bd3 dxc4 7.Bxc4 b5 8.Bd3 Nbd7
9.e4 c5 10.d5 c4 11.dxe6 cxd3 12.exd7+ Qxd7 13.O-O Bb7 14.Bg5 Be7 15.e5 Ne4
16.Bxe7 Kxe7 17.Nxe4 Bxe4 18.Ng5 Bg6 19.Qb3 Rhc8 20.Qb4+ Ke8 21.Ne4 a5 22.Nd6+ Kf8
23.Qh4 Rc2 24.Rad1 Kg8 25.f4 Qa7+ 26.Kh1 Qd4 27.Qg3 Be4 28.Rg1 Rd8 29.f5 Rxd6
30.exd6 h5 31.f6 Qxf6 32.d7 Qd8 33.Rxd3 Bxd3 34.Qxd3 Rc7 35.Rd1 g6 36.Qxb5 Kg7
37.h3  1-0

[Event "Mitropa Cup"]
[Site "?"]
[Date "1995.??.??"]
[Round "5"]
[White "Costa, Jean Luc"]
[Black "Van der Werf, Mark"]
[Result "0-1"]
[WhiteElo "2425"]
[BlackElo "2415"]

1.d4 d5 2.c4 e6 3.Nc3 c6 4.e3 Nf6 5.Nf3 Nbd7 6.Qc2 Bd6 7.g4 dxc4 8.g5 Nd5
9.Bxc4 b6 10.e4 Nxc3 11.bxc3 Bb7 12.Qe2 b5 13.Bb3 Qc7 14.a4 c5 15.Bd2 bxa4
16.Bxa4 O-O 17.h4 f5 18.gxf6 Rxf6 19.Ng5 h6 20.Nh3 Raf8 21.Bb3 Ba8 22.Bc4 Qb7
23.Bd3 cxd4 24.cxd4 Bb4 25.Rb1 a5 26.f4 Qb6 27.Bxb4 axb4 28.Qb2 Rg6 29.Qxb4 Qd8
30.Qd2 Qxh4+ 31.Qf2 Rg3 32.Kd2 Nf6 33.Rbg1 Rxd3+ 34.Kxd3 Bxe4+ 35.Ke3 Qxf2+
36.Kxf2 Bxh1 37.Rxh1 Nd5 38.Kg3 Ra8 39.Re1 Ra3+ 40.Kg4 Nf6+ 41.Kh4 Kf7 42.Rb1 Nd5
43.Rb7+ Kf6 44.Nf2 Nxf4 45.Ne4+ Kg6 46.Kg4 Ng2 47.Ng3 Ne3+ 48.Kf4 Nd5+ 49.Kg4 Rd3
50.Ne2 h5+  0-1

[Event "Mlada Boleslav op"]
[Site "?"]
[Date "1995.??.??"]
[Round "?"]
[White "Hellsten, Johan"]
[Black "Stripunsky, Alexander"]
[Result "0-1"]
[WhiteElo "2430"]
[BlackElo "2495"]

1.d4 d5 2.Nf3 c6 3.c4 Nf6 4.Nc3 e6 5.e3 Nbd7 6.Qc2 Bd6 7.b3 O-O 8.Be2 e5
9.cxd5 Nxd5 10.Bb2 Bb4 11.dxe5 Qa5 12.Rc1 Qxa2 13.Kd1 Bxc3 14.Bxc3 Nxc3+
15.Qxc3 Nb6 16.Nd4 Nd5 17.Qd2 Qa3 18.Bc4 Rd8 19.Ke2 Qe7 20.f4 c5 21.Bxd5 Rxd5
22.Qa5 b6 23.Qb5 Bd7 24.Qc4 Rd8 25.Nf3 Be6 26.Qc2 Qd7 27.Kf2 Rd3 28.Rb1 Bf5
29.Qc4 b5 30.Qxc5 Rc8 31.Qb4 Rc2+ 32.Kg3 Qc6 33.h4 Rxe3  0-1

[Event "USA-ch"]
[Site "Modesto"]
[Date "1995.??.??"]
[Round "2"]
[White "Browne, Walter S"]
[Black "Gurevich, Dmitry"]
[Result "1/2-1/2"]
[WhiteElo "2560"]
[BlackElo "2525"]

1.d4 d5 2.c4 c6 3.Nf3 Nf6 4.Nc3 e6 5.e3 Nbd7 6.Qc2 Bd6 7.Bd3 O-O 8.O-O dxc4
9.Bxc4 b5 10.Be2 Re8 11.Rd1 Qc7 12.h3 e5 13.dxe5 Nxe5 14.b3 Bb7 15.Bb2 a6
16.a4 Ng6 17.Rac1 Qe7 18.Nd4 Qe5 19.Nf3 Qe7 20.Nd4 Qe5 21.Nf3  1/2-1/2

[Event "USA-ch"]
[Site "Modesto"]
[Date "1995.??.??"]
[Round "9"]
[White "Browne, Walter S"]
[Black "Kaidanov, Grigory S"]
[Result "1/2-1/2"]
[WhiteElo "2560"]
[BlackElo "2585"]

1.d4 d5 2.c4 c6 3.Nf3 Nf6 4.Nc3 e6 5.e3 Nbd7 6.Qc2 b6 7.Be2 Bb7 8.O-O Be7
9.Rd1 Qc7 10.b3 O-O 11.Bb2 Rac8 12.Rac1 Qb8 13.Qb1 Rfd8 14.Qa1 Bf8 15.h3 c5
16.cxd5 Nxd5 17.Nxd5 Bxd5 18.dxc5 Nxc5 19.Ne5 f6 20.Nd3 Nxd3 21.Bxd3 Qb7
22.Bc4 Bxc4 23.Rxd8 Rxd8 24.Rxc4 e5 25.Qc1 Qd5 26.Kh2 Qd2 27.Rc2 Qxc1 28.Bxc1 Bc5
29.Kg3 Kf7 30.Kf3 Ke6 31.e4 Rd4  1/2-1/2

[Event "Mondariz"]
[Site "Mondariz"]
[Date "1995.??.??"]
[Round "9"]
[White "Del Rey, Diego"]
[Black "Glavina, Pablo"]
[Result "1/2-1/2"]
[WhiteElo "2315"]
[BlackElo "2400"]

1.d4 d5 2.c4 c6 3.e3 Nf6 4.Nc3 e6 5.Nf3 Nbd7 6.Qc2 b6 7.b3 Bb7 8.Be2 Bd6
9.O-O O-O 10.e4 dxe4 11.Nxe4 Be7 12.Bf4 Nxe4 13.Qxe4 Nf6 14.Qc2 c5 15.Rad1 Qc8
16.dxc5 Qxc5 17.Ne5 Rfd8 18.Bf3 Bxf3 19.Nxf3 b5 20.Be3 Qc7  1/2-1/2

[Event "Mondariz"]
[Site "Mondariz"]
[Date "1995.??.??"]
[Round "9"]
[White "Franco Ocampo, Zenon"]
[Black "Rodriguez Lopez, Rafael"]
[Result "1-0"]
[WhiteElo "2490"]
[BlackElo "2300"]

1.d4 d5 2.c4 c6 3.Nf3 Nf6 4.e3 e6 5.Nc3 Nbd7 6.Qc2 b6 7.b3 Bb7 8.Bb2 Bd6
9.Bd3 O-O 10.O-O Rc8 11.Rad1 h6 12.Qe2 Re8 13.e4 dxe4 14.Nxe4 Nxe4 15.Qxe4 Nf6
16.Qh4 Nd7 17.Qh5 c5 18.Ne5 Qe7 19.Nxd7 Qxd7 20.d5 Rcd8 21.Qg4 e5 22.Bf5 Qe7
23.f4 Qc7 24.Rde1 Re7 25.Re3 Rde8 26.Rg3 g6 27.Bxg6 fxg6 28.Qxg6+ Kh8 29.fxe5 Bxe5
30.Qxh6+  1-0

[Event "Montecatini Terme op"]
[Site "Montecatini Terme"]
[Date "1995.??.??"]
[Round "?"]
[White "Efimov, Igor"]
[Black "Thallinger, Harald"]
[Result "1-0"]
[WhiteElo "2450"]
[BlackElo "2280"]

1.d4 d5 2.Nf3 Nf6 3.c4 c6 4.Nc3 e6 5.e3 Nbd7 6.Qc2 Bd6 7.a3 O-O 8.Bd3 e5
9.cxd5 cxd5 10.Nb5 Bb8 11.dxe5 Nxe5 12.Nxe5 Bxe5 13.Bd2 a6 14.Nc3 b5 15.O-O-O Qb6
16.Kb1 Bd7 17.Bf5 Bc6 18.Rc1 Bb7 19.h4 a5 20.h5 Bd6 21.Rh4 Rfe8 22.g3 Re7
23.Qb3 Bc6 24.Na4 Qb7 25.Nc5 Qb6 26.Bc3 Bxc5 27.Bxf6 gxf6 28.Qc2 Bxe3 29.fxe3 Bd7
30.Bxh7+ Kh8 31.Bd3 Qxe3 32.Rf4 Rc8 33.Qxc8+ Bxc8 34.Rxc8+ Re8 35.Rxe8+ Qxe8
36.Rxf6 Qe1+ 37.Kc2 Kg7 38.Ra6 Qf2+ 39.Kb1 b4 40.h6+ Kf8 41.h7  1-0

[Event "Montreal op"]
[Site "Montreal"]
[Date "1995.??.??"]
[Round "2"]
[White "Livshits, Ron"]
[Black "Milicevic, Goran"]
[Result "1-0"]
[WhiteElo "2350"]
[BlackElo "2325"]

1.d4 e6 2.c4 c6 3.Nc3 d5 4.e3 Nf6 5.Nf3 Nbd7 6.Bd3 Bd6 7.O-O O-O 8.e4 dxe4
9.Nxe4 Nxe4 10.Bxe4 Nf6 11.Bc2 Qc7 12.Bg5 Nd7 13.Qd3 g6 14.Qe4 Re8 15.Rad1 b6
16.Rfe1 Bb7 17.Qh4 Bf8 18.Ne5 Bg7 19.Rd3 f5 20.Rh3 Nf8 21.Rhe3 a5 22.c5 a4
23.Nc4 bxc5 24.dxc5 e5 25.Nd6 Re6 26.Qb4 Bc8 27.Ra3 Rb8 28.Qxa4 Rxb2 29.Bb3 h6
30.Bc1 Rb1 31.Qa8 Rxb3 32.Rxb3 Nd7 33.Qxc8+ Qxc8 34.Nxc8 Nxc5 35.Rb8 e4 36.Nb6+ Kh7
37.Nc4 g5 38.Bb2 Nd3 39.Rb7 Nxb2 40.Nxb2 Kg6 41.Nc4 f4  1-0

[Event "Moscow (Women)"]
[Site "Moscow"]
[Date "1995.??.??"]
[Round "?"]
[White "Zhukova, Natalia"]
[Black "Gagloshvili, Raissa"]
[Result "1-0"]
[WhiteElo "2260"]
[BlackElo "2200"]

1.d4 d5 2.Nf3 Nf6 3.c4 c6 4.Nc3 e6 5.e3 Nbd7 6.Bd3 Be7 7.O-O O-O 8.e4 dxe4
9.Nxe4 c5 10.Be3 Qc7 11.Qe2 b6 12.dxc5 bxc5 13.Nxf6+ Nxf6 14.Bd2 Bb7 15.Bc3 Qc6
16.Rfe1 Rfd8 17.Rad1 h6 18.h3 Rac8 19.a3 Ba8 20.b4 Nd7 21.b5 Qb7 22.Bg6 Bf6
23.Bxf7+ Kxf7 24.Qxe6+ Kf8 25.Bxf6 Nxf6 26.Nh4 Qf7 27.Ng6+ Kg8 28.Ne7+ Kf8
29.Nxc8  1-0

[Event "Moscow (Women)"]
[Site "Moscow"]
[Date "1995.??.??"]
[Round "?"]
[White "Lymar, Irina"]
[Black "Gagloshvili, Raissa"]
[Result "1/2-1/2"]
[WhiteElo "2185"]
[BlackElo "2200"]

1.d4 d5 2.Nf3 Nf6 3.c4 c6 4.Nc3 e6 5.e3 Nbd7 6.Bd3 Be7 7.O-O O-O 8.b3 a6
9.Bb2 dxc4 10.bxc4 b5 11.Ne5 Qc7 12.f4 bxc4 13.Nxc4 c5 14.Ne2 Bb7 15.Rc1 Rfd8
16.Ng3 Rab8 17.Qe2 Ba8 18.e4 cxd4 19.e5 Nd5 20.Bxd4 Bc5 21.Bxc5 Nxc5 22.Nd6 Qb6
23.Bxh7+ Kf8 24.Qf2 Nd7 25.Qxb6 Rxb6 26.Be4 Rb2 27.Rf2 Rxf2 28.Kxf2 Nxf4
29.Kf3 Bxe4+ 30.Kxe4 Nxe5 31.Nxf7 Nxf7 32.Kxf4 a5 33.Rc6 e5+  1/2-1/2

[Event "Moscow1"]
[Site "Moscow"]
[Date "1995.??.??"]
[Round "?"]
[White "Dokuchaev, Aleksander"]
[Black "Savon, Vladimir A"]
[Result "1/2-1/2"]
[WhiteElo "2395"]
[BlackElo "2390"]

1.d4 d5 2.c4 c6 3.Nf3 Nf6 4.e3 e6 5.Nc3 Nbd7 6.Qc2 Be7 7.Bd3 b6 8.cxd5 cxd5
9.O-O Bb7 10.Ne5 a6 11.f4  1/2-1/2

[Event "Moscow1"]
[Site "Moscow"]
[Date "1995.??.??"]
[Round "?"]
[White "Dokuchaev, Aleksander"]
[Black "Guliev, Sarhan"]
[Result "1-0"]
[WhiteElo "2395"]
[BlackElo "2470"]

1.d4 d5 2.Nf3 Nf6 3.c4 c6 4.Nc3 e6 5.e3 Nbd7 6.Qc2 Bd6 7.Be2 O-O 8.O-O dxc4
9.Bxc4 e5 10.Bb3 Qc7 11.h3 exd4 12.exd4 Bf4 13.Re1 Nb6 14.Re5 Bxe5 15.dxe5 Ne8
16.Be3 Qe7 17.Ne4 Bf5 18.Rc1 Nd7 19.Bg5 Qb4 20.Nf6+ Nexf6 21.Qxf5 Qe4 22.Qxe4 Nxe4
23.Be3 Rfe8 24.Rc4 Nxe5 25.Rxe4 Nxf3+ 26.gxf3 Rxe4 27.fxe4 b6 28.f4 Kf8 29.Kf2 Ke7
30.Kf3 Rd8 31.e5 f5 32.Ke2 h6 33.Bf2 Rh8 34.Bh4+ Kd7 35.Bf7 Ra8 36.e6+ Kd6
37.e7 Kd7 38.Bg6  1-0

[Event "Moscow7"]
[Site "Moscow"]
[Date "1995.??.??"]
[Round "?"]
[White "Zhidkov, Valery S"]
[Black "Dragomarezkij, Evgeni"]
[Result "0-1"]
[WhiteElo "2315"]
[BlackElo "2465"]

1.Nf3 Nf6 2.c4 c6 3.d4 d5 4.e3 e6 5.Nc3 Nbd7 6.Qc2 Be7 7.Bd2 O-O 8.e4 dxe4
9.Nxe4 c5 10.Nxf6+ Bxf6 11.dxc5 Nxc5 12.O-O-O e5 13.Bc3 Qe7 14.Bd3 e4 15.Bxf6 gxf6
16.Rhe1 exd3 17.Rxe7 dxc2 18.Kxc2 Bf5+ 19.Kc3 Rfd8 20.Rd4 Kf8 21.Rc7 Rdc8
22.Rxc8+ Rxc8 23.Rf4 Bg6 24.Nd4 Ne4+ 25.Kb4 Rd8 26.Nb3 Ke7 27.h4 h5  0-1

[Event "Moscow3"]
[Site "Moscow"]
[Date "1995.??.??"]
[Round "?"]
[White "Fish, Gannadij"]
[Black "Yagupov, Igor"]
[Result "1-0"]
[WhiteElo "2455"]
[BlackElo "2415"]

1.d4 d5 2.c4 c6 3.Nf3 Nf6 4.Nc3 e6 5.e3 Nbd7 6.Qc2 Bd6 7.Be2 O-O 8.O-O b6
9.e4 dxe4 10.Nxe4 Nxe4 11.Qxe4 Bb7 12.b3 Nf6 13.Qh4 c5 14.Bb2 Ne4 15.Qh5 Qc7
16.Rad1 f5 17.Rfe1 Bf4 18.dxc5 bxc5 19.g3 Bd6 20.Ng5 Nxg5 21.Qxg5 e5 22.Bf1 h6
23.Qh5 Rad8 24.Bg2 e4 25.Qg6 Rf7 26.Bh3 Bc8 27.Rd5 e3 28.Rxe3 f4 29.Be6 Bxe6
30.Rxe6 Bf8 31.Be5 Qa5 32.Bxf4 Rxd5 33.cxd5 Qxa2 34.Re8 Qxb3 35.Qe6 Qb1+
36.Kg2 Qf5 37.Qxf5 Rxf5 38.Bd6 c4 39.Ba3 Rf7 40.Rc8 g5 41.f4 gxf4 42.gxf4 Kg7
43.d6  1-0

[Event "Moscow3"]
[Site "Moscow"]
[Date "1995.??.??"]
[Round "?"]
[White "Bezman, Vadim"]
[Black "Fish, Gannadij"]
[Result "1/2-1/2"]
[WhiteElo "2385"]
[BlackElo "2455"]

1.c4 e6 2.Nc3 d5 3.d4 c6 4.e3 Nf6 5.Nf3 Nbd7 6.Ne5 dxc4 7.Nxd7 Bxd7 8.Bxc4 c5
9.O-O Bc6 10.dxc5 Bxc5 11.a3 O-O 12.b4 Be7 13.Bb2 Rc8 14.Qe2 Qc7 15.Nb5 Qb8
16.f4 Bxb5 17.Bxb5 Nd5 18.Rac1 Bf6 19.Bxf6 Nxf6 20.Qb2 Qd6 21.Be2 Qb6 22.Qe5 Nd5
23.Kf2 f6 24.Qe4 Nc3 25.Qd4 Qxd4 26.exd4 Kf7 27.Bf3 b6 28.Ke3 Rc7 29.Kd3 Rfc8
30.Rc2 Ke7 31.Rfc1 Nb5 32.Rxc7+ Rxc7 33.Rxc7+ Nxc7 34.g3 Kd6 35.Kc4 b5+ 36.Kd3 Nd5
37.Be2 Kc6 38.Bf3 Kd6 39.Be2 g6 40.Bd1 Nb6  1/2-1/2

[Event "Moscow3"]
[Site "Moscow"]
[Date "1995.??.??"]
[Round "?"]
[White "Baikov, Vladimir A"]
[Black "Yagupov, Igor"]
[Result "0-1"]
[WhiteElo "2345"]
[BlackElo "2415"]

1.d4 d5 2.c4 c6 3.Nc3 Nf6 4.e3 e6 5.Nf3 Nbd7 6.Qc2 Bd6 7.Be2 O-O 8.O-O b6
9.e4 dxe4 10.Nxe4 Nxe4 11.Qxe4 Bb7 12.Bd3 g6 13.Bh6 Re8 14.Rad1 f5 15.Qe3 c5
16.Be2 Qf6 17.dxc5 Bxc5 18.Qd2 Nf8 19.Bg5 Qg7 20.b4 Be7 21.Bxe7 Rxe7 22.c5 bxc5
23.bxc5 Rc8 24.Rc1 Rec7 25.Qe3 Qe7 26.Ne5 Rxc5 27.f4 Rxc1 28.Rxc1 Qb4 29.Kf2 Rxc1
30.Qxc1 Bd5 31.a3 Qb7 32.Bf3 Bxf3 33.Nxf3 Nd7 34.Qc4 Qb6+ 35.Kg3 Nc5 36.Kh3 Qd6
37.Ne5 g5 38.Qb5 gxf4 39.Qe8+ Qf8 40.Qxf8+ Kxf8 41.Kh4 Ne4 42.a4 Kg7 43.Nd3 Kf6
44.Nxf4 Nc5 45.a5 Nb3 46.a6 Nc5 47.Kh5 Nxa6 48.h3 Nb4 49.g4 fxg4 50.hxg4 a5
51.Kh6 a4 52.Nh5+ Ke5 53.Kxh7  0-1

[Event "Moscow op"]
[Site "Moscow"]
[Date "1995.??.??"]
[Round "2"]
[White "Annakov, Babakuli"]
[Black "Nevostrujev, Vladimir"]
[Result "1-0"]
[WhiteElo "2420"]
[BlackElo "2425"]

1.d4 d5 2.c4 e6 3.Nf3 Nf6 4.Nc3 c6 5.e3 Nbd7 6.Bd3 dxc4 7.Bxc4 b5 8.Bb3 Bb7
9.O-O b4 10.Ne2 Be7 11.Nf4 c5 12.Ng5 Qb6 13.Re1 O-O 14.e4 cxd4 15.e5 Nd5
16.Nh5 g6 17.Ng3 f5 18.exf6 Rxf6 19.Nf3 Raf8 20.Bh6 R8f7 21.Ne4 Rxf3 22.gxf3 Ne5
23.Nd2 Rf5 24.Rxe5 Rxe5 25.Nc4 Qc7 26.Qxd4 Bf6 27.Nxe5 Bxe5 28.Qh4 Bxb2 29.Bxd5 Bxd5
30.Qxb4 Bg7 31.Rc1 Qd8 32.Bf4 Bxa2 33.Qa3 Bd5 34.Qxa7 Bxf3 35.Qa6 Qf6 36.Rc8+ Bf8
37.Bh6  1-0

[Event "Moscow op"]
[Site "Moscow"]
[Date "1995.??.??"]
[Round "3"]
[White "Kalinin, Alexander"]
[Black "Supatashvili, Khvicha"]
[Result "1/2-1/2"]
[WhiteElo "2380"]
[BlackElo "2450"]

1.Nf3 Nf6 2.c4 c6 3.Nc3 d5 4.e3 e6 5.d4 Nbd7 6.Bd3 dxc4 7.Bxc4 b5 8.Bd3 Bb7
9.a3 b4 10.Ne4 Nxe4 11.Bxe4 bxa3 12.bxa3 Qc7 13.O-O Bd6 14.Bb2 O-O 15.Qe2  1/2-1/2

[Event "Moscow6"]
[Site "Moscow"]
[Date "1995.??.??"]
[Round "3"]
[White "Fedorchuk, Sergey A"]
[Black "Neverov, Valeriy"]
[Result "0-1"]
[WhiteElo "2365"]
[BlackElo "2485"]

1.c4 c6 2.Nc3 d5 3.d4 e6 4.e3 Nf6 5.Nf3 Nbd7 6.Qc2 Bd6 7.Be2 O-O 8.b3 b6
9.O-O Bb7 10.Rd1 Qe7 11.Bb2 Rad8 12.e4 Nxe4 13.Nxe4 dxe4 14.Qxe4 Nf6 15.Qh4 c5
16.dxc5 Bxc5 17.Bd3 Ne4 18.Qxe7 Bxe7 19.Bc2 Bc5 20.Bxe4 Bxe4 21.Ne1 f6 22.Kf1 e5
23.f3 Bg6 24.Ke2 e4 25.Rxd8 Rxd8 26.Rd1 Re8 27.Kf1 h5 28.fxe4 Bxe4 29.Nd3 Bd6
30.h3 Bg3 31.Bd4 Bxd3+ 32.Rxd3 Re1+  0-1

[Event "Moscow op"]
[Site "Moscow"]
[Date "1995.??.??"]
[Round "4"]
[White "Aleksandrov, Aleksej"]
[Black "Kuporosov, Viktor"]
[Result "1-0"]
[WhiteElo "2510"]
[BlackElo "2500"]

1.d4 d5 2.c4 c6 3.e3 Nf6 4.Nc3 e6 5.Nf3 Nbd7 6.Bd3 dxc4 7.Bxc4 b5 8.Be2 Bb7
9.O-O b4 10.Na4 Be7 11.a3 a5 12.Qc2 O-O 13.Rd1 c5 14.Nxc5 Nxc5 15.dxc5 Qc7
16.axb4 axb4 17.Bd2 Qxc5 18.Qxc5 Bxc5 19.Ne5 Be7 20.f3 Rfc8 21.Rxa8 Rxa8
22.Kf2 Ra2 23.Nd3 h6 24.Rb1 Nd5 25.e4 Nc3 26.Bxc3 bxc3 27.bxc3 Ba6 28.Rb8+ Kh7
29.Ra8 f5 30.e5 Bc4 31.Rxa2 Bxa2 32.Ke3 g5 33.Kd4 Kg6 34.Nc5 f4 35.Bd3+ Kf7
36.c4 h5 37.Bc2  1-0

[Event "Moscow-ch op"]
[Site "Moscow"]
[Date "1995.??.??"]
[Round "5"]
[White "Baikov, Vladimir A"]
[Black "Dragomarezkij, Evgeni"]
[Result "1/2-1/2"]
[WhiteElo "2370"]
[BlackElo "2475"]

1.d4 d5 2.c4 c6 3.Nc3 Nf6 4.e3 e6 5.Nf3 Nbd7 6.Qc2 Be7 7.Be2 dxc4 8.Bxc4 c5
9.dxc5 Bxc5 10.O-O a6 11.Rd1 O-O 12.b3 b5 13.Bd3 Bb7 14.Ne4 Nxe4 15.Bxe4 Bxe4
16.Qxe4 Nf6 17.Qc2 Qe7 18.Bb2 Rfc8 19.Rac1 Qe8 20.Qb1 Be7 21.Ng5 h6 22.Bxf6 hxg5
23.Bxe7 Qxe7 24.Qe4 Qa3 25.Rc2 Rd8 26.Rdc1 Ra7 27.g3 Rad7 28.Kg2 Qd6 29.Rc6 Qd2
30.R1c2 Qe1 31.Rc8 Rd1 32.Rxd8+ Rxd8 33.Qg4 Qd1 34.Qxg5 Qxc2 35.Qxd8+ Kh7
36.Qa5 e5 37.Kf1 Qd3+ 38.Ke1 Qb1+ 39.Ke2 e4 40.Qd2 a5 41.f3 Qh1 42.fxe4 Qxh2+
43.Kd3 Qxg3 44.Qxa5 Qd6+ 45.Kc3 Qc6+ 46.Kd3 Qd6+ 47.Kc3 Qc6+  1/2-1/2

[Event "Moscow op"]
[Site "Moscow"]
[Date "1995.??.??"]
[Round "6"]
[White "Vaulin, Alexander"]
[Black "Guliev, Sarhan"]
[Result "1-0"]
[WhiteElo "2510"]
[BlackElo "2470"]

1.c4 c6 2.Nf3 d5 3.d4 Nf6 4.Nc3 e6 5.e3 Nbd7 6.Bd3 dxc4 7.Bxc4 b5 8.Be2 a6
9.e4 b4 10.e5 bxc3 11.exf6 Nxf6 12.bxc3 c5 13.Ne5 Bb7 14.Qa4+ Nd7 15.d5 Bxd5
16.c4 Bxg2 17.Rg1 Be4 18.Bg5 f6 19.O-O-O Ra7 20.Rxd7 Rxd7 21.Rd1 Qc8 22.Bh5+ g6
23.Nxd7 Bc6 24.Nxf6+ Kf7 25.Qb3 h6 26.Bxg6+ Kxg6 27.Bh4 Kf7 28.Qg3 h5 29.Rg1 Bh6+
30.f4 Qc7 31.Qg6+ Kf8 32.Nd7+ Qxd7 33.Qf6+ Ke8 34.Qxh8+ Bf8 35.Rd1  1-0

[Event "Moscow op2"]
[Site "Moscow"]
[Date "1995.??.??"]
[Round "6"]
[White "Podgaets, Mikhail"]
[Black "Mukhametov, Eldar"]
[Result "1-0"]
[WhiteElo "2455"]
[BlackElo "2515"]

1.d4 d5 2.c4 c6 3.Nc3 Nf6 4.Nf3 e6 5.e3 Nbd7 6.Bd3 dxc4 7.Bxc4 b5 8.Bd3 Bb7
9.O-O a6 10.e4 c5 11.d5 c4 12.Bc2 e5 13.Ne2 Bc5 14.b3 cxb3 15.axb3 O-O 16.Ng3 g6
17.Bh6 Re8 18.h3 Rc8 19.Qd2 Bf8 20.Bxf8 Rxf8 21.Rfc1 Qe7 22.d6 Qd8 23.b4 Qb6
24.Bb3 Rcd8 25.Re1 Ne8 26.Rad1 Ndf6 27.Nxe5 Nxd6 28.Qf4 Kg7 29.Rd3 Nc4 30.Bxc4 bxc4
31.Nf5+ Kh8 32.Qh6 Nh5 33.Rd7 Qe6 34.Nd6 Kg8 35.Nxb7 Rde8 36.Ng4 Qc6 37.Nc5 a5
38.e5 axb4 39.Ne4 Re6 40.Ng5  1-0

[Event "Moscow-ch op"]
[Site "Moscow"]
[Date "1995.??.??"]
[Round "6"]
[White "Minsky, A."]
[Black "Kruglov, V."]
[Result "1/2-1/2"]
[WhiteElo "2315"]
[BlackElo "2210"]

1.d4 d5 2.c4 c6 3.Nf3 Nf6 4.Nc3 e6 5.e3 Nbd7 6.Bd3 dxc4 7.Bxc4 b5 8.Bd3 a6
9.e4 c5 10.e5 cxd4 11.Nxb5 Ng4 12.Nbxd4 Ngxe5 13.Be4 Bb4+ 14.Bd2 Rb8 15.O-O Bxd2
16.Qxd2 O-O 17.Nxe5 Nxe5 18.Rad1 Qf6 19.b4 Bb7 20.Bxb7 Rxb7 21.a3 Rd7 22.Qe2 Ng6
23.Nc6 Nf4 24.Qe4 Nd5 25.Qc4 Qg5  1/2-1/2

[Event "Moscow op2"]
[Site "Moscow"]
[Date "1995.??.??"]
[Round "7"]
[White "Mukhaev, Aleksander"]
[Black "Burmakin, Vladimir"]
[Result "1-0"]
[WhiteElo "2365"]
[BlackElo "2500"]

1.d4 d5 2.c4 e6 3.Nc3 c6 4.e3 Nf6 5.Nf3 Nbd7 6.Qc2 Bd6 7.b3 O-O 8.Be2 dxc4
9.bxc4 e5 10.O-O Re8 11.Rd1 Qe7 12.Rb1 Nf8 13.dxe5 Bxe5 14.Nxe5 Qxe5 15.f3 Ne6
16.Bf1 Nc5 17.e4 b6 18.Be3 Ba6 19.f4 Qe7 20.e5 Ng4 21.Bc1 f6 22.Be2 Nh6 23.Bf3 Rac8  1-0

[Event "Moscow-ch op"]
[Site "Moscow"]
[Date "1995.??.??"]
[Round "7"]
[White "Gagarin, Vasilij"]
[Black "Pokrovski, Pavel"]
[Result "1-0"]
[WhiteElo "2420"]
[BlackElo "2270"]

1.d4 d5 2.c4 e6 3.Nf3 Nf6 4.Nc3 c6 5.e3 Nbd7 6.Bd3 Be7 7.O-O O-O 8.b3 b6
9.Bb2 Bb7 10.Qe2 Rc8 11.Rad1 Qc7 12.e4 dxe4 13.Nxe4 Nxe4 14.Bxe4 Nf6 15.Bb1 c5
16.d5 exd5 17.cxd5 Rfd8 18.Be5 Qd7 19.d6 Bf8 20.Bxf6 gxf6 21.Nh4 Re8 22.Qc4 Rcd8
23.Bf5 Re6 24.Qg4+ Kh8 25.Rd3 Qe8 26.Bxe6 fxe6 27.Re1 e5 28.Red1 Qd7 29.Nf5 Bc8
30.Rg3 Qf7 31.Qe4 Be6 32.h3 Qh5 33.Rf3 Bxf5 34.Qxf5 Qxf5 35.Rxf5 Kg7 36.d7 Kf7
37.Rf3 Ke6 38.Rfd3 h5 39.Kf1 e4 40.Rd5 f5 41.Ke2 b5 42.f3 exf3+ 43.Kxf3 a6
44.R5d2 a5 45.Re2+ Kf7 46.Re5 Kf6 47.Rdd5 Bd6 48.Rxf5+ Ke6 49.Rxh5 Kxd7 50.Rxc5 Bxc5
51.Rxc5 Rb8 52.a4 bxa4 53.bxa4 Rb3+ 54.Kf2  1-0

[Event "Moscow op"]
[Site "Moscow"]
[Date "1995.??.??"]
[Round "8"]
[White "Gavrilov, Alexei"]
[Black "Bezgodov, Alexei"]
[Result "0-1"]
[WhiteElo "2390"]
[BlackElo "2455"]

1.d4 d5 2.c4 c6 3.e3 Nf6 4.Nc3 e6 5.Nf3 Nbd7 6.Bd3 dxc4 7.Bxc4 b5 8.Bd3 a6
9.a4 b4 10.Ne4 c5 11.dxc5 Bb7 12.Nd6+ Bxd6 13.cxd6 Nc5 14.Bc2 Bd5 15.Qd4 Qxd6
16.e4 Ncxe4 17.Bxe4 Nxe4 18.Qxg7 Qf8 19.Qd4 Rg8 20.Be3 Rxg2 21.Rc1 Qg7 22.Ne5 Rd8
23.Rf1 Ng5 24.Bxg5 Qxg5 25.Rd1 Rg1 26.Rxg1 Qxg1+ 27.Ke2 Qxh2 28.Ke3 f6 29.Ng4 Qh3+
30.Kd2 Qxg4 31.Qxg4 Bf3+  0-1

[Event "Moscow6"]
[Site "Moscow"]
[Date "1995.??.??"]
[Round "9"]
[White "Neverov, Valeriy"]
[Black "Ljukin, Sergei"]
[Result "1-0"]
[WhiteElo "2485"]
[BlackElo "2415"]

1.d4 d5 2.c4 c6 3.Nc3 Nf6 4.e3 e6 5.Nf3 Nbd7 6.Qc2 Bd6 7.b3 O-O 8.Be2 a6
9.O-O e5 10.cxd5 cxd5 11.dxe5 Nxe5 12.Bb2 Be6 13.Rad1 Rc8 14.Qb1 Qc7 15.h3 Rfd8
16.Rc1 Qe7 17.Rfd1 Bb8 18.Nxe5 Bxe5 19.Bd3 Bb8 20.Ne2 Rxc1 21.Rxc1 Ne4 22.Nf4 Bf5
23.Nxd5 Qh4 24.Qc2 h6 25.f4 Rxd5 26.Bxe4 Ba7 27.Bxf5 Bxe3+ 28.Kh1 Bxc1 29.Qxc1 Qd8
30.Qc3 Qf6 31.Qxf6 gxf6 32.Be4 Rd2 33.Bxf6 Rxa2 34.Bxb7 Ra3 35.Bd5 a5 36.Kh2 a4
37.bxa4 Rxa4 38.Kg3 Ra6 39.Be5 Kf8 40.Kh4 f6 41.Bc3 Kg7 42.f5 Ra3 43.Bb2 Ra5
44.Be6 Rc5 45.g3 Rc2 46.Bd4 Re2 47.Bc5 Rh2 48.Bd6 Rh1 49.Bf4 Rh2 50.Kg4  1-0

[Event "Moscow op2"]
[Site "Moscow"]
[Date "1995.??.??"]
[Round "9"]
[White "Malaniuk, Vladimir P"]
[Black "Rashkovsky, Nukhim N"]
[Result "1/2-1/2"]
[WhiteElo "2580"]
[BlackElo "2560"]

1.d4 d5 2.c4 c6 3.e3 Nf6 4.Nc3 e6 5.Nf3 Nbd7 6.Bd3 Bd6 7.O-O O-O 8.e4 dxc4
9.Bxc4 e5 10.Bg5 h6 11.Bh4 Qe7 12.Re1  1/2-1/2

[Event "Moscow op2"]
[Site "Moscow"]
[Date "1995.??.??"]
[Round "9"]
[White "Podgaets, Mikhail"]
[Black "Korneev, Oleg"]
[Result "0-1"]
[WhiteElo "2450"]
[BlackElo "2605"]

1.d4 d5 2.c4 e6 3.Nf3 Nf6 4.Nc3 c6 5.e3 Nbd7 6.Bd3 dxc4 7.Bxc4 b5 8.Bd3 a6
9.e4 c5 10.d5 Qc7 11.O-O Bb7 12.Bg5 c4 13.Bc2 Bd6 14.Kh1 O-O-O 15.Nd4 h6
16.Be3 Bc5 17.f4 Rhe8 18.Bg1 exd5 19.e5 Ne4 20.Ndxb5 axb5 21.Nxd5 Bxd5 22.Qxd5 f5
23.e6 Bxg1 24.exd7+ Qxd7 25.Qxd7+ Rxd7 26.Kxg1 Rd2 27.Rac1 Kb7 28.Rfe1 Kb6
29.b3 Kc5 30.bxc4 bxc4 31.Bb3 Rd4 32.Re2 Red8 33.g3 c3 34.Bc2 Rd2 35.Rce1 Rb8
36.Bb3 Kd4 37.Kf1 g5 38.fxg5 hxg5 39.Kg2 g4 40.Kf1 Rh8 41.Kg1 Ng5 42.Kg2 Nf3
43.Rxd2+ cxd2 44.Rh1 Ke3 45.h4 Ne1+ 46.Kf1 Rb8 47.Rh2 Nf3 48.Re2+ Kd3 49.Kf2 Rxb3
50.Rxd2+ Nxd2  0-1

[Event "RUS-chJ"]
[Site "Moscow"]
[Date "1995.??.??"]
[Round "10"]
[White "Lugovoi, Aleksei"]
[Black "Kobalija, Mihail"]
[Result "0-1"]
[WhiteElo "2485"]
[BlackElo "2415"]

1.d4 d5 2.c4 e6 3.Nc3 c6 4.e3 Nf6 5.Nf3 Nbd7 6.Bd3 dxc4 7.Bxc4 b5 8.Bd3 Bb7
9.a3 b4 10.Ne4 a5 11.O-O Be7 12.Qc2 O-O 13.Nxf6+ Nxf6 14.e4 h6 15.Be3 Qb8
16.Rfc1 Ng4 17.Bd2 Rc8 18.axb4 axb4 19.e5 c5 20.Be4 Rxa1 21.Rxa1 cxd4 22.Qd3 f6
23.exf6 Nxf6 24.Bxb7 Qxb7 25.Re1 Qd5 26.Qg6 Bf8 27.Ne5 Rc7 28.Bxh6 Bd6 29.Ng4 Nxg4
30.Qxg4 Qf5 31.Qxd4 Rd7 32.Qc4 Bc5 33.Be3 Bxe3 34.fxe3 Rd2 35.Rf1 Qd5 36.Qg4 Rxb2
37.h4 Qe5 38.Kh1 b3 39.h5 Ra2 40.Qg6 Ra8 41.Qf7+ Kh8 42.h6 gxh6 43.Qg6 Qg7
44.Qxe6 b2 45.Kh2 Rb8 46.Qf5 Qg5 47.Qe4 Qg7 48.Qf5 Re8 49.Rf4 Rg8 50.Rf2 Qg3+
51.Kg1 Rb8 52.Rf1 Qxe3+ 53.Kh2 Qd4 54.Qg6 Qg7 55.Qe4 Rf8 56.Rd1 Qc7+ 57.Kg1 Qc5+
58.Kh2 Qh5+ 59.Kg3 Qg5+ 60.Kh2 Qh5+ 61.Kg3 Qxd1 62.Qe5+ Kg8 63.Qe6+ Rf7 64.Qe8+ Kg7
65.Qe5+ Kf8  0-1

[Event "Neuchatel op"]
[Site "Neuchatel"]
[Date "1995.??.??"]
[Round "6"]
[White "Ftacnik, Lubomir"]
[Black "Pelletier, Yannick"]
[Result "1-0"]
[WhiteElo "2580"]
[BlackElo "2460"]

1.d4 d5 2.c4 c6 3.Nc3 Nf6 4.e3 e6 5.Nf3 Nbd7 6.Bd3 dxc4 7.Bxc4 b5 8.Be2 Bb7
9.O-O a6 10.e4 b4 11.e5 Nd5 12.Ne4 c5 13.Bg5 Qb6 14.Nfd2 h6 15.Bh4 cxd4 16.Nc4 Qc6
17.Rc1 Nc3 18.bxc3 Qxe4 19.Bf3 Qxh4 20.Bxb7 Ra7 21.Bc6 Rc7 22.Bxd7+ Rxd7
23.Nb6 Qd8 24.Nxd7 Qxd7 25.Qxd4 Qxd4 26.cxd4 Kd7 27.Rc4 Be7 28.Rfc1 Rd8 29.Kf1  1-0

[Event "Nikolaev zt"]
[Site "Nikolaev"]
[Date "1995.??.??"]
[Round "2"]
[White "Rogozenko, Dorin"]
[Black "Novikov, Igor A"]
[Result "1/2-1/2"]
[WhiteElo "2440"]
[BlackElo "2590"]

1.d4 d5 2.c4 e6 3.Nc3 c6 4.Nf3 Nf6 5.e3 Nbd7 6.Qc2 Bd6 7.Be2 O-O 8.O-O Qe7
9.e4 dxe4 10.Nxe4 Nxe4 11.Qxe4 e5 12.Bg5 Nf6 13.Bxf6 gxf6 14.c5 exd4 15.Qh4 Bxc5
16.Rae1 Bf5 17.b4 Bxb4 18.Bd3 Qd7 19.Bxf5 Qxf5 20.Re4 h5 21.Nxd4 Qg5 22.Qh3 Rfe8
23.Rh4 Rad8 24.Nf3 Qb5 25.g4 Rd5 26.Nd4 Qc4 27.Nf5 Rd3 28.Ne3 Rexe3 29.fxe3 Rxe3
30.gxh5  1/2-1/2